[Event "NED-ch U11 Girls"]
[Site "Waalwijk"]
[Date "2011.04.23"]
[Round "9"]
[White "Hulleman, Anna Marie"]
[Black "Van Cappellen, Caroline"]
[Result "1-0"]
[WhiteElo "741"]
[BlackElo "607"]
[PlyCount "21"]
[EventDate "2011.04.22"]
[EventType "swiss"]
[EventRounds "9"]
[EventCountry "NED"]
[SourceTitle "EXT 2012"]
[Source "ChessBase"]
[SourceDate "2011.11.24"]
[SourceVersion "1"]
[SourceVersionDate "2011.11.24"]
[SourceQuality "1"]

1. e4 e5 2. Nf3 Nc6 3. Bc4 Nf6 4. Nc3 Bb4 5. 0-0 Bxc3 6. dxc3 Nxe4 7. Qd5 0-0 8. Qxe4 d6 9. Bg5 Qe8 10. Bd3 Qe6 11. Qxh7# 1-0

[Event "NED-ch U11 Girls"]
[Site "Waalwijk"]
[Date "2011.04.23"]
[Round "7"]
[White "Van Cappellen, Caroline"]
[Black "Geene, Ilse"]
[Result "1-0"]
[WhiteElo "607"]
[BlackElo "479"]
[PlyCount "67"]
[EventDate "2011.04.22"]
[EventType "swiss"]
[EventRounds "9"]
[EventCountry "NED"]
[SourceTitle "EXT 2012"]
[Source "ChessBase"]
[SourceDate "2011.11.24"]
[SourceVersion "1"]
[SourceVersionDate "2011.11.24"]
[SourceQuality "1"]

1. e4 e5 2. Nf3 Nf6 3. Nc3 Nc6 4. Bc4 Bc5 5. Ng5 0-0 6. 0-0 d6 7. d3 Bg4 8. Nf3 Nb4 9. a3 Nc6 10. Nd5 Nxd5 11. Bxd5 Nd4 12. Bg5 Qd7 13. Bxb7 Rab8 14. b4 Rxb7 15. bxc5 dxc5 16. h3 Bxf3 17. gxf3 Ne6 18. h4 Nxg5 19. hxg5 Qh3 20. Qe2 f6 21. g6 f5 22. Rab1 Rxb1 23. Rxb1 hxg6 24. exf5 Kf7 25. fxg6+ Ke8 26. Qxe5+ Kd8 27. Rb8+ Kd7 28. Rxf8 Qe6 29. Qxg7+ Qe7 30. Rf7 Kc6 31. Rxe7 Kb5 32. c4+ Ka4 33. Qc3 c6 34. Rxa7# 1-0